000 00479 a2200181 4500
020 _a817649366X
040 _aDLC
_bDLC
082 0 0 _a808.51
100 1 _aFrothingham, Andrew.
245 1 0 _aLast minute speeches and toasts
_cAndrew Frothingham.
260 _aNew Delhi :
_bViva Books,
_c2003.
300 _a159 p. ;
_c21 cm.
500 _aIncludes index.
650 0 _aSpeeches, addresses, etc.
650 0 _aToasts.
650 0 _aSpeechwriting.
942 _cBK
_k808.51 FRO
_2ddc
999 _c4873
_d4873